|
|
|
|
| LEADER |
00000nbm0a2200000 4500 |
| 001 |
39788 |
| 005 |
20231031011708.0 |
| 035 |
|
|
|a (RuTPU)RU\TPU\book\40663
|
| 090 |
|
|
|a 39788
|
| 100 |
|
|
|a 20020412d2002 k y0rusy50 ca
|
| 101 |
0 |
|
|a rus
|
| 102 |
|
|
|a RU
|
| 105 |
|
|
|a a m 001zy
|
| 200 |
1 |
|
|a Повышение эффективности обработки деталей из труднообрабатываемых материалов путем оптимизации и автоматического управления процессами обработки на сверлильных станках
|e диссертация на соискание ученой степени доктора технических наук
|e 05.03.01
|f Г. И. Смагин
|g Новосибирский государственный технический университет; Сибирский Государственный университет путей сообщения; науч. рук. В. А. Аксенов
|
| 210 |
|
|
|a Томск
|d 2002
|
| 215 |
|
|
|a 369 л.
|c ил.
|
| 320 |
|
|
|a Библиогр.: с. 286-303
|
| 610 |
1 |
|
|a металлообработка
|
| 610 |
1 |
|
|a труднообрабатываемые материалы
|
| 610 |
1 |
|
|a сверление
|
| 610 |
1 |
|
|a инструменты
|
| 610 |
1 |
|
|a стойкость
|
| 610 |
1 |
|
|a автоматическое управление
|
| 610 |
1 |
|
|a обработка
|
| 610 |
1 |
|
|a эффективность
|
| 610 |
1 |
|
|a режимы
|
| 610 |
1 |
|
|a оптимизация
|
| 610 |
1 |
|
|a станки
|
| 610 |
1 |
|
|a диссертации
|
| 675 |
|
|
|a 621.9.014(04)
|v 3
|
| 686 |
|
|
|a 05.03.01
|2 oksvnk
|
| 700 |
|
1 |
|a Смагин
|b Г. И.
|g Геннадий Иванович
|
| 702 |
|
1 |
|a Аксенов
|b В. А.
|4 727
|
| 712 |
0 |
2 |
|a Новосибирский государственный технический университет
|2 stltpush
|3 (RuTPU)RU\TPU\col\36
|
| 712 |
0 |
2 |
|a Сибирский Государственный университет путей сообщения
|2 stltpush
|3 (RuTPU)RU\TPU\col\140
|
| 801 |
|
1 |
|a RU
|b 63413507
|c 20020412
|g PSBO
|
| 801 |
|
2 |
|a RU
|b 63413507
|c 20230628
|g PSBO
|
| 942 |
|
|
|c BK
|